| 000 | 00977nam a2200289 a 4500 | ||
|---|---|---|---|
| 001 | 62466 | ||
| 003 | BD-RjUL | ||
| 005 | 20211209081105.0 | ||
| 008 | 170309s1986 bg b f001 0 eng | ||
| 020 | _cTk100.00 ($10.00 U.S.) | ||
| 035 | _a(BD-RjUL)62592 | ||
| 040 |
_aDLC _cDLC _dDLC _dBD-RjUL _beng |
||
| 041 | _aeng | ||
| 082 | 0 | 0 |
_a891.441709358 _bHUF 1986 _220 |
| 100 | 1 |
_aHuda, Muhammad Nurul. _9194181 |
|
| 245 | 1 | 0 |
_aFlaming flowers : _bpoets' response to the emergence of Bangladesh / _cMohammad Nurul Huda. |
| 250 | _a1st ed. | ||
| 260 |
_aDhaka : _bBangla Academy, _c1986. |
||
| 300 |
_a240 p. ; _c22 cm. |
||
| 500 | _aIncludes index. | ||
| 504 | _aBibliography: p. [211]-222. | ||
| 650 | 0 |
_aBengali poetry _y20th century _xHistory and criticism. _9194182 |
|
| 650 | 0 |
_aPolitics and literature _zBangladesh. _9194183 |
|
| 650 | 0 |
_aRevolutionary poetry, Bengali _xHistory and criticism. _9194184 |
|
| 651 | 0 |
_aBangladesh _xIn literature. _9194185 |
|
| 942 |
_2ddc _cBK |
||
| 999 |
_c62466 _d62466 |
||